[Event "Outaouais op U1500"]
[Site "Gatineau"]
[Date "2015.06.07"]
[Round "5"]
[White "Sabourin, Sebastien"]
[Black "Latreille, Etienne"]
[Result "1-0"]
[WhiteElo "1439"]
[BlackElo "1459"]
[PlyCount "119"]
[EventDate "2015.06.05"]
[EventType "swiss"]
[EventRounds "5"]
[EventCountry "CAN"]
[SourceTitle "EXT 2019"]
[Source "ChessBase"]
[SourceDate "2018.10.10"]
[SourceVersion "1"]
[SourceVersionDate "2018.10.10"]
[SourceQuality "1"]

1. e4 e5 2. Nf3 Nc6 3. Bb5 Nf6 4. 0-0 d6 5. Re1 Bd7 6. c3 a6 7. Ba4 h6 8. d4 Qe7 9. d5 Na7 10. c4 Bxa4 11. Qxa4+ Qd7 12. Qxd7+ Kxd7 13. a4 c5 14. Bd2 Be7 15. Nc3 Rhb8 16. Nh4 g6 17. h3 Rh8 18. g4 Nxe4 19. Nxe4 Bxh4 20. Kg2 f5 21. Nc3 Raf8 22. Rf1 g5 23. f3 Rf7 24. Be3 Nc8 25. a5 Ne7 26. Rab1 Rc8 27. Na4 Kd8 28. Nb6 Rc7 29. b4 cxb4 30. Rxb4 Nc8 31. gxf5 Rxf5 32. Nxc8 Kxc8 33. Bb6 Rd7 34. Rc1 Rff7 35. c5 dxc5 36. Rxc5+ Kb8 37. Rbc4 Rf8 38. Bc7+ Ka8 39. Bxe5 Rdd8 40. d6 Be1 41. Rd5 Rd7 42. Rc7 Rfd8 43. Rxd7 Rxd7 44. Rc5 Kb8 45. f4 gxf4 46. Bxf4 Bb4 47. Rd5 Kc8 48. Kg3 b6 49. axb6 Kb7 50. Kg4 Kxb6 51. Bxh6 Rxd6 52. Rxd6+ Bxd6 53. Bg7 a5 54. h4 a4 55. h5 a3 56. h6 a2 57. h7 Bf8 58. h8Q Bxg7 59. Qxg7 Kb5 60. Qb2+ 1-0

[Event "Outaouais op U1500"]
[Site "Gatineau"]
[Date "2015.06.05"]
[Round "1"]
[White "Richard, Leo"]
[Black "Sabourin, Sebastien"]
[Result "0-1"]
[WhiteElo "1212"]
[BlackElo "1439"]
[PlyCount "76"]
[EventDate "2015.06.05"]
[EventType "swiss"]
[EventRounds "5"]
[EventCountry "CAN"]
[SourceTitle "EXT 2019"]
[Source "ChessBase"]
[SourceDate "2018.10.10"]
[SourceVersion "1"]
[SourceVersionDate "2018.10.10"]
[SourceQuality "1"]

1. e4 c5 2. Nf3 d6 3. d4 cxd4 4. Nxd4 Nf6 5. Nc3 a6 6. Be3 Nc6 7. Be2 e5 8. Nb3 Be6 9. Bf3 Rc8 10. 0-0 Be7 11. h3 0-0 12. Nd5 Bxd5 13. exd5 Na5 14. Bd2 Nc4 15. Bc3 Qc7 16. Nd2 b5 17. a3 Nb6 18. Ba5 Qc5 19. Bxb6 Qxb6 20. Ne4 Rc7 21. Nc3 Qc5 22. Rc1 Rfc8 23. Ne4 Nxe4 24. Bxe4 Bg5 25. Rb1 g6 26. g4 a5 27. c3 b4 28. axb4 axb4 29. cxb4 Qxb4 30. Bd3 Rc5 31. Qf3 Qd4 32. Be4 Rc4 33. Rfe1 Rb4 34. Re2 Rcb8 35. Qc3 Qxc3 36. bxc3 Rxb1+ 37. Bxb1 Rxb1+ 38. Kg2 Rc1 0-1

[Event "Gatineau op-C"]
[Site "Gatineau"]
[Date "2015.03.??"]
[Round "3"]
[White "St Pierre, Paul"]
[Black "Sabourin, Sebastien"]
[Result "1-0"]
[WhiteElo "1577"]
[BlackElo "1353"]
[PlyCount "81"]
[EventDate "2015.03.07"]
[EventType "swiss"]
[EventRounds "5"]
[EventCountry "CAN"]
[SourceTitle "EXT 2016"]
[Source "ChessBase"]
[SourceDate "2015.10.08"]
[SourceVersion "1"]
[SourceVersionDate "2015.10.08"]
[SourceQuality "1"]

1. d4 d5 2. c4 c6 3. Nf3 Nf6 4. Nc3 e6 5. Bg5 h6 6. Bh4 Be7 7. e3 Nbd7 8. Bd3 dxc4 9. Bxc4 Nb6 10. Bb3 Nbd5 11. Rc1 0-0 12. 0-0 Qc7 13. Ne5 a5 14. f3 Nxe3 15. Qd3 Nxf1 16. Rxf1 Rd8 17. Bc2 Kf8 18. Bg3 Bd6 19. Ne4 Nxe4 20. fxe4 Bxe5 21. Bxe5 Qe7 22. Qg3 Qg5 23. Qf3 f6 24. Bf4 Qg6 25. Qc3 Kg8 26. Rf3 Qf7 27. Rg3 Kh8 28. Qe3 g5 29. Bxg5 fxg5 30. Rf3 Qg7 31. e5 Bd7 32. Rf6 Rf8 33. Qh3 Rf7 34. Rxh6+ Kg8 35. Rg6 Rf5 36. Rxg7+ Kxg7 37. Bxf5 exf5 38. Qh5 g4 39. Qg5+ Kf8 40. Qf6+ Kg8 41. e6 1-0